| 000 | 00966naa a2200265 c 4500 | ||
|---|---|---|---|
| 001 | 49861 | ||
| 999 |
_c49861 _d49861 |
||
| 003 | ES-MaCES | ||
| 005 | 20250203133724.0 | ||
| 008 | 170825s2017 sp ||||| t||||||| ||spa d | ||
| 040 |
_aES-MaCES _bspa _cES-MaCES _dES-MaCES |
||
| 100 | 1 |
_938474 _aJiménez Vargas, Pedro Jesús |
|
| 245 | 1 | 3 |
_aEl desempleo juvenil en España _cPedro Jesús Jiménez Vargas |
| 500 | _aResumen | ||
| 650 | 4 |
_929983 _adesempleo de jóvenes |
|
| 650 | 4 |
_928415 _ajoven trabajador |
|
| 650 | 4 |
_928292 _amercado de trabajo |
|
| 650 | 4 |
_929792 _asituación ocupacional |
|
| 650 | 4 |
_927044 _aproblema social |
|
| 650 | 4 |
_929976 _arelación formación empleo |
|
| 650 | 4 |
_930270 _afomento del empleo |
|
| 653 | 1 | 0 | _aEmpleo |
| 773 | 0 |
_986114 _dValladolid (Avda. Reyes Católicos, 11, 47008) Lex nova _o089012 _tInformación laboral _w(ES-MaCES)25782 _gn. 3 (2017) {55/796 R. 089012} ;p. 35-49 |
|
| 902 | _aART Artículo de revista | ||
| 942 |
_2CES _cAR _h2.0. |
||